Personalidad de marca: por qué las compañías pierden su autenticidad y cómo la pueden recuperar
Guardat en:
| Autor principal: | |
|---|---|
| Format: | Llibre |
| Idioma: | espanyol |
| Publicat: |
Ciudad de México
McGraw-Hill
2009
|
| Matèries: | |
| Etiquetes: |
Afegir etiqueta
Sense etiquetes, Sigues el primer a etiquetar aquest registre!
|
MARC
| LEADER | 00000nam a2200000 a 4500 | ||
|---|---|---|---|
| 001 | UCH5794 | ||
| 003 | CL-VaPUC | ||
| 008 | 091029e20090000MX |||||||||||||||||spa|d | ||
| 020 | |a 9789701072509 | ||
| 082 | 0 | 4 | |a 658.827 |b BHA |2 21 |
| 100 | 0 | |a Bhargava, Rohit |e author |9 542123 | |
| 245 | 1 | 0 | |a Personalidad de marca: por qué las compañías pierden su autenticidad y cómo la pueden recuperar |
| 300 | |a 299 p | ||
| 942 | |c BK | ||
| 945 | |d 20091029 00:00:00 |a rbrito | ||
| 260 | |a Ciudad de México |b McGraw-Hill |c 2009 | ||
| 650 | 0 | |a Patentes comerciales |9 480529 | |
| 650 | 0 | |a Marketing |9 259324 | |
| 650 | 0 | |a Publicidad |9 314572 | |
| 650 | 0 | |a Exito en los negocios |9 271740 | |
| 583 | |a last modification |c 20091029 00:00:00 |k Rodrigo Vera | ||
| 999 | |c 336841 |d 336839 | ||
| 952 | |0 0 |1 0 |4 0 |6 658_827000000000000_BHA_2009 |7 0 |8 A |9 428825 |a BIBENE |b BIBENE |d 2019-11-22 |i 4613058 |o 658.827 BHA 2009 |p 4613058 |r 2025-01-15 |w 2019-11-22 |y BK |k ICO | ||